Estatísticas para 50 cidades mais populosas do Rio de Janeiro

Clique aqui para jogar o quiz

Estatísticas Gerais

  • Esse quiz foi jogado 917 vezes
    (728 desde o último reset)
  • A pontuação média é 28 de 50

Estatísticas das Respostas

Nº de HabitantesLetra InicialCidade% Correto
6 476 631RRio de Janeiro
100%
496 696NNiterói
96%
1 038 081SSão Gonçalo
93%
882 729DDuque de Caxias
91%
807 492NNova Iguaçu
91%
298 142PPetrópolis
86%
208 451CCabo Frio
85%
483 970CCampos dos Goytacazes
84%
262 970VVolta Redonda
82%
188 276AAngra dos Reis
81%
234 628MMacaé
81%
173 060TTeresópolis
81%
481 127BBelford Roxo
74%
158 309NNilópolis
71%
184 786NNova Friburgo
70%
234 809MMagé
68%
125 214RResende
68%
31 067AArmação dos Búzios
64%
40 478PParaty
64%
143 632QQueimados
64%
460 625SSão João de Meriti
64%
131 976RRio das Ostras
61%
82 359SSaquarema
61%
35 432VVassouras
59%
229 007IItaboraí
58%
146 549MMaricá
57%
179 915BBarra Mansa
55%
122 865AAraruama
53%
82 892SSeropédica
52%
170 751MMesquita
51%
79 264TTrês Rios
49%
119 143IItaguaí
48%
99 021IItaperuna
43%
40 779MMangaratiba
42%
99 863JJaperi
40%
96 920SSão Pedro da Aldeia
40%
96 865BBarra do Piraí
38%
73 725VValença
38%
57 615RRio Bonito
37%
56 515GGuapimirim
32%
34 583SSão João da Barra
28%
40 305CCasimiro de Abreu
27%
49 521PParacambi
27%
42 356PParaíba do Sul
27%
56 290CCachoeiras de Macacu
25%
32 426TTanguá
25%
37 703SSão Fidélis
21%
35 964BBom Jesus do Itabapoana
18%
41 178SSanto Antônio de Pádua
17%
41 291SSão Francisco de Itabapoana
13%

Distribuição das Pontuações

Percentil de Números Respondidos

Porcentagem de Pessoas com Cada Pontuação

Sua Pontuação Histórica

Você não jogou esse quiz desde o último reset